Szczegóły MARC21

Literatura española : una antología. T. 1, De los orígenes hasta 1700 /

003 -Nazwa inst., której nr kontr. jest w polu 001 [,]
    • @
    • Nazwa instytucji, której n kontrolny jest w polu 001
    • NUKAT
005 -DATA I CZAS OSTATNIEJ MODYFIKACJI [,]
    • @
    • pole kontrolne
    • 20241231100117.0
020 -Międzynarod. znormalizowany nr książki - ISBN [ , ]
    • a
    • Numer ISBN
    • 0815317557 Find
    • q
    • Dopowiedzenie
    • v. 1 alk. paper
020 -Międzynarod. znormalizowany nr książki - ISBN [ , ]
    • a
    • Numer ISBN
    • 0815320124 Find
    • q
    • Dopowiedzenie
    • v. 1 pbk. alk. paper
020 -Międzynarod. znormalizowany nr książki - ISBN [ , ]
    • a
    • Numer ISBN
    • 0815320639 Find
    • q
    • Dopowiedzenie
    • v. 2 alk. paper
020 -Międzynarod. znormalizowany nr książki - ISBN [ , ]
    • a
    • Numer ISBN
    • 0815320647 Find
    • q
    • Dopowiedzenie
    • v. 2 pbk. alk. paper
040 -Instytucja sporządzająca opis [ , ]
    • a
    • Instytucja, która sporządziła opis (NP)
    • SZCZ U/MC
    • b
    • Język katalogowania
    • pol
    • e
    • Zasady katalogowania
    • rda
    • c
    • Instytucja, która sporządziła rekord (NP)
    • SZCZ U/MCs
    • d
    • Instytucja, która zmodyfikowała rekord (P)
    • SZCZ U/MC
942 -Rodzaj dokumentu [ , ]
    • c
    • Rodzaj dokumentu
    • Książka
245 -Strefa tytułu i oznaczenia odpowiedzialności [0,0]
    • a
    • Tytuł
    • Literatura española : Find
    • b
    • Ciąg dalszy tytułu (NP)
    • una antología. Find
    • n
    • Oznaczenie części (P)
    • T. 1,
    • p
    • Nazwa części (P)
    • De los orígenes hasta 1700 /
    • c
    • Pozostałe elementy strefy tytułu i oznaczenia odpowiedzialności (NP)
    • [edited by] David William Foster ; con la colaboratíon de Daniel Altamiranda, Gustavo Oscar Geirola, Carmen de Urioste.
260 -Strefa adresu wydawniczego [ , ]
    • a
    • Miejsce wydania (P)
    • New York ;
    • a
    • Miejsce wydania (P)
    • London :
    • b
    • Nazwa wydawcy (P)
    • Routledge,
    • c
    • Data wydania (P)
    • 1995.
300 -Strefa opisu fizycznego [ , ]
    • a
    • Określenie formy książki i/lub objętość (NP)
    • XI, 887 stron ;
    • c
    • Format (NP)
    • 23 cm.
336 -Typ zawartości [ , ]
    • a
    • Termin opisujący typ zawartości
    • Tekst
    • b
    • Kod określający zawartość
    • txt
    • 2
    • Źródło (terminu i kodu)
    • rdacontent
337 -Typ mediów [ , ]
    • a
    • Tryb odtwarzania
    • Bez urządzenia pośredniczącego
    • b
    • Kod typu mediów
    • n
    • 2
    • Źródło (terminu i kodu)
    • rdamedia
338 -Typ/rodzaj nośnika [ , ]
    • a
    • Hasło opisujące typ nośnika
    • Wolumin
    • b
    • Kod typu nośnika
    • nc
    • 2
    • Źródło (terminu i kodu)
    • rdacarrier
490 -Strefa serii i książki wielotomowej - forma nie do wyszukiwania [1, ]
    • a
    • Tytuł (P)
    • Garland Reference Library of the Humanities ; Find
    • v
    • Numeracja (P)
    • vol. 1871
830 -Hasło dodatkowe serii i opisu książki wielotomowej - tytuł ujednolicony/tytuł [ ,0]
    • a
    • Tytuł ujednolicony/tytuł (NP)
    • Garland Reference Library of the Humanities
    • x
    • ISSN
    • 1059-3454
    • v
    • Oznaczenie tomu (NP)
    • vol. 1871
    • 9
    • KHW
    • 448841
655 -Hasło w funkcji tematu formalnego [ ,7]
    • a
    • Hasło
    • Literatura hiszpańska
    • v
    • Określnik formy
    • antologie.
    • 2
    • Źródło terminu
    • kaba
    • 9
    • KHW
    • 378002
700 -Hasło dodatkowe - nazwa osobowa [1, ]
    • a
    • Nazwa osobowa (NP)
    • Foster, David William Find
    • d
    • Daty biograficzne (NP)
    • (1940- ).
    • e
    • Określenie rodzaju współpracy
    • Redakcja
    • 9
    • KHW
    • 448836
700 -Hasło dodatkowe - nazwa osobowa [1, ]
    • a
    • Nazwa osobowa (NP)
    • Altamiranda, Daniel Find
    • d
    • Daty biograficzne (NP)
    • (1959- ).
    • e
    • Określenie rodzaju współpracy
    • Redakcja
    • 9
    • KHW
    • 448838
700 -Hasło dodatkowe - nazwa osobowa [1, ]
    • a
    • Nazwa osobowa (NP)
    • Geirola, Gustavo Oscar. Find
    • e
    • Określenie rodzaju współpracy
    • Redakcja
    • 9
    • KHW
    • 448839
700 -Hasło dodatkowe - nazwa osobowa [1, ]
    • a
    • Nazwa osobowa (NP)
    • Urioste-Azcorra, Carmen de Find
    • d
    • Daty biograficzne (NP)
    • (1956- ).
    • e
    • Określenie rodzaju współpracy
    • Redakcja
    • 9
    • KHW
    • 448840
710 -Hasło dodatkowe - nazwa ciała zbiorowego [2, ]
    • a
    • Nazwa ciała zbiorowego lub nazwa geograficzna jako pierwszy element (NP)
    • Routledge.
    • e
    • Rodzaj współpracy
    • Wydawca
    • 4
    • Kod relacji
    • pbl
    • 9
    • KHW
    • 54948
920 -ISBN [ , ]
    • a
    • ISBN
    • 0-8153-1755-7 Find
    • q
    • Dopowiedzenie
    • v. 1 alk. paper
920 -ISBN [ , ]
    • a
    • ISBN
    • 0-8153-2012-4 Find
    • q
    • Dopowiedzenie
    • v. 1 pbk. alk. paper
920 -ISBN [ , ]
    • a
    • ISBN
    • 0-8153-2063-9 Find
    • q
    • Dopowiedzenie
    • v. 2 alk. paper
920 -ISBN [ , ]
    • a
    • ISBN
    • 0-8153-2064-7 Find
    • q
    • Dopowiedzenie
    • v. 2 pbk. alk. paper
Lokalizacja Data inwentaryzacji Status udost. Numer inwentarzowy Sygnatura
BM2018-01-261P.26334HISZP. Literatura 07